[Event "GER-ch Blitz 2019"]
[Site "Magdeburg"]
[Date "2019.05.25"]
[Round "21.10"]
[White "Schmaltz, Roland"]
[Black "Baskin, Robert"]
[Result "1/2-1/2"]
[WhiteElo "2461"]
[BlackElo "2398"]
[Annotator "ChessBase"]
[PlyCount "84"]
[EventDate "2019.05.25"]
[EventType "tourn"]
[EventCountry "GER"]
[Tiebreak "Number of wins+Number of black wins"]
[SourceTitle "playchess.com"]
[Source "ChessBase"]
[SourceQuality "1"]
[TimeControl "180+2"]

1. e4 {[%emt 0:00:00]} c5 {[%emt 0:00:00]} 2. Nf3 {[%emt 0:00:00]} d6 {[%emt 0:
00:00]} 3. d4 {[%emt 0:00:00]} cxd4 {[%emt 0:00:00]} 4. Nxd4 {[%emt 0:00:00]}
Nf6 {[%emt 0:00:01]} 5. Nc3 {[%emt 0:00:01]} a6 {[%emt 0:00:00]} 6. Be3 {
[%emt 0:00:02]} e5 {[%emt 0:00:01]} 7. Nb3 {[%emt 0:00:01]} Be6 {[%emt 0:00:02]
} 8. f3 {[%emt 0:00:05]} h5 {[%emt 0:00:11]} 9. Qd2 {[%emt 0:00:02]} Nbd7 {
[%emt 0:00:01]} 10. a4 {[%emt 0:00:02]} Rc8 {[%emt 0:00:04]} 11. Be2 {[%emt 0:
00:01]} Be7 {[%emt 0:00:03]} 12. a5 {[%emt 0:00:01]} O-O {[%emt 0:00:14]} 13.
O-O {[%emt 0:00:01]} h4 {[%emt 0:00:05]} 14. Nd5 {[%emt 0:00:05]} Bxd5 {
[%emt 0:00:04]} 15. exd5 {[%emt 0:00:01]} Nh5 {[%emt 0:00:01]} 16. c4 {[%emt 0:
00:14]} Nf4 {[%emt 0:00:16]} 17. Bxf4 {[%emt 0:00:11]} exf4 {[%emt 0:00:01]}
18. Qxf4 {[%emt 0:00:15]} Bf6 {[%emt 0:00:21]} 19. Qd2 {[%emt 0:00:03]} Re8 {
[%emt 0:00:06]} 20. Rfe1 {[%emt 0:00:07]} Qc7 {[%emt 0:00:03]} 21. Kh1 {
[%emt 0:00:13]} Nc5 {[%emt 0:00:01]} 22. Nxc5 {[%emt 0:00:01]} Qxc5 {[%emt 0:
00:01]} 23. Bf1 {[%emt 0:00:12]} Qd4 {[%emt 0:00:33]} 24. Qxd4 Bxd4 {[%emt 0:
00:01]} 25. Rxe8+ {[%emt 0:00:13]} Rxe8 {[%emt 0:00:01]} 26. Rb1 {[%emt 0:00:
02]} Re3 {[%emt 0:00:13]} 27. b4 {[%emt 0:00:03]} Bc3 {[%emt 0:00:06]} 28. c5 {
[%emt 0:00:07]} dxc5 {[%emt 0:00:06]} 29. bxc5 {[%emt 0:00:01]} Re1 {[%emt 0:
00:01]} 30. Rxe1 {[%emt 0:00:09]} Bxe1 {[%emt 0:00:01]} 31. c6 {[%emt 0:00:25]}
bxc6 {[%emt 0:00:02]} 32. dxc6 {[%emt 0:00:01]} Bxa5 {[%emt 0:00:01]} 33. Bxa6
{[%emt 0:00:01]} Bb6 {[%emt 0:00:06]} 34. Bc4 {[%emt 0:00:01]} Kf8 {[%emt 0:00:
01]} 35. g4 {[%emt 0:00:04]} hxg3 {[%emt 0:00:02]} 36. hxg3 {[%emt 0:00:01]}
Ke7 {[%emt 0:00:01]} 37. Kg2 {[%emt 0:00:01]} f6 {[%emt 0:00:03]} 38. Bd3 {
[%emt 0:00:02]} Kd6 {[%emt 0:00:02]} 39. Be4 {[%emt 0:00:00]} Bd4 {[%emt 0:00:
02]} 40. f4 {[%emt 0:00:02]} Bc3 {[%emt 0:00:01]} 41. Kf3 {[%emt 0:00:01]} Be1
{[%emt 0:00:01]} 42. g4 {[%emt 0:00:01]} Bd2 {[%emt 0:00:01]} 1/2-1/2

[Event "GER-ch Blitz 2019"]
[Site "Magdeburg"]
[Date "2019.05.25"]
[Round "21.11"]
[White "Buhmann, Rainer"]
[Black "Kopylov, Daniel"]
[Result "1-0"]
[WhiteElo "2573"]
[BlackElo "2263"]
[Annotator "ChessBase"]
[PlyCount "65"]
[EventDate "2019.05.25"]
[EventType "tourn"]
[EventCountry "GER"]
[Tiebreak "Number of wins+Number of black wins"]
[SourceTitle "playchess.com"]
[Source "ChessBase"]
[SourceQuality "1"]
[TimeControl "180+2"]

1. d4 {[%emt 0:00:00]} d5 {[%emt 0:00:01]} 2. c4 {[%emt 0:00:00]} e6 {[%emt 0:
00:01]} 3. Nc3 {[%emt 0:00:02]} Nf6 {[%emt 0:00:01]} 4. cxd5 {[%emt 0:00:01]}
exd5 {[%emt 0:00:02]} 5. Bg5 {[%emt 0:00:02]} c6 {[%emt 0:00:01]} 6. e3 {
[%emt 0:00:02]} Be7 {[%emt 0:00:04]} 7. Bd3 {[%emt 0:00:01]} Nbd7 {[%emt 0:00:
02]} 8. Qc2 {[%emt 0:00:11]} g6 {[%emt 0:00:05]} 9. Nge2 {[%emt 0:00:05]} Nf8 {
[%emt 0:00:04]} 10. O-O {[%emt 0:00:10]} Ne6 {[%emt 0:00:01]} 11. Bxf6 {
[%emt 0:00:03]} Bxf6 {[%emt 0:00:02]} 12. b4 {[%emt 0:00:01]} O-O {[%emt 0:00:
55]} 13. Rab1 {[%emt 0:00:03]} a5 {[%emt 0:00:22]} 14. b5 {[%emt 0:00:03]} c5 {
[%emt 0:00:01]} 15. dxc5 {[%emt 0:00:10]} Nxc5 {[%emt 0:00:03]} 16. Rbc1 {
[%emt 0:00:28]} Nxd3 {[%emt 0:00:45]} 17. Qxd3 {[%emt 0:00:01]} Bf5 {[%emt 0:
00:25]} 18. Qxd5 {[%emt 0:00:13]} Qxd5 {[%emt 0:00:10]} 19. Nxd5 {[%emt 0:00:
02]} Bb2 {[%emt 0:00:11]} 20. Rc7 {[%emt 0:00:24]} Be6 {[%emt 0:00:02]} 21.
Nef4 {[%emt 0:00:03]} Be5 {[%emt 0:00:02]} 22. Ne7+ {[%emt 0:00:07]} Kh8 {
[%emt 0:00:02]} 23. Nxe6 {[%emt 0:00:06]} Bxc7 {[%emt 0:00:03]} 24. Nxc7 {
[%emt 0:00:01]} Rad8 {[%emt 0:00:02]} 25. Ned5 {[%emt 0:00:03]} Rd6 {[%emt 0:
00:04]} 26. f3 {[%emt 0:00:15]} Kg7 {[%emt 0:00:04]} 27. Kf2 {[%emt 0:00:01]}
Rfd8 {[%emt 0:00:03]} 28. e4 {[%emt 0:00:01]} f5 {[%emt 0:00:04]} 29. Ke3 {
[%emt 0:00:01]} fxe4 {[%emt 0:00:09]} 30. fxe4 {[%emt 0:00:02]} Rf8 {[%emt 0:
00:01]} 31. Rxf8 Kxf8 {[%emt 0:00:01]} 32. e5 {[%emt 0:00:05]} Rd7 {[%emt 0:00:
05]} 33. e6 {[%emt 0:00:01]} 1-0

[Event "GER-ch Blitz 2019"]
[Site "Magdeburg"]
[Date "2019.05.25"]
[Round "21.12"]
[White "Zelbel, Patrick"]
[Black "Braeuer, Franz"]
[Result "1/2-1/2"]
[WhiteElo "2439"]
[BlackElo "2445"]
[Annotator "NA"]
[PlyCount "88"]
[EventDate "2019.05.25"]
[EventType "tourn"]
[EventCountry "GER"]
[Tiebreak "Number of wins+Number of black wins"]
[SourceTitle "playchess.com"]
[Source "ChessBase"]
[SourceQuality "1"]
[TimeControl "180+2"]

1. e4 {[%emt 0:00:00]} c5 {[%emt 0:00:00]} 2. c3 {[%emt 0:00:00]} Nf6 {[%emt 0:
00:00]} 3. e5 {[%emt 0:00:00]} Nd5 {[%emt 0:00:00]} 4. Bc4 {[%emt 0:00:00]} Nb6
{[%emt 0:00:04]} 5. Bb3 {[%emt 0:00:00]} Nc6 {[%emt 0:00:07]} 6. Nf3 {[%emt 0:
00:01]} d6 {[%emt 0:00:01]} 7. exd6 {[%emt 0:00:01]} Qxd6 {[%emt 0:00:04]} 8.
O-O {[%emt 0:00:01]} Bf5 {[%emt 0:00:13]} 9. d4 {[%emt 0:00:02]} cxd4 {[%emt 0:
00:02]} 10. Nxd4 {[%emt 0:00:01]} Nxd4 {[%emt 0:00:08]} 11. cxd4 {[%emt 0:00:
01]} e6 {[%emt 0:00:07]} 12. Qf3 {[%emt 0:00:17]} Qc6 {[%emt 0:00:11]} 13.
Qxc6+ {[%emt 0:00:40]} bxc6 {[%emt 0:00:01]} 14. Be3 {[%emt 0:00:09]} Be7 {
[%emt 0:00:08]} 15. Rc1 {[%emt 0:00:00]} Rc8 {[%emt 0:00:11]} 16. Nd2 {[%emt 0:
00:07]} O-O {[%emt 0:00:03]} 17. Nc4 {[%emt 0:00:04]} Nd5 {[%emt 0:00:17]} 18.
Ne5 {[%emt 0:00:24]} Nxe3 {[%emt 0:00:50]} 19. fxe3 {[%emt 0:00:00]} Be4 {
[%emt 0:00:17]} 20. Bc2 {[%emt 0:00:10]} Bxc2 {[%emt 0:00:32]} 21. Rxc2 c5 {
[%emt 0:00:00]} 22. Rac1 {[%emt 0:00:08]} Rfd8 {[%emt 0:00:01]} 23. Nd3 {
[%emt 0:00:17]} Rb8 {[%emt 0:00:21]} 24. Nxc5 {[%emt 0:00:01]} Bxc5 {[%emt 0:
00:04]} 25. dxc5 {[%emt 0:00:00]} Rdc8 {[%emt 0:00:02]} 26. b3 {[%emt 0:00:16]}
Kf8 {[%emt 0:00:01]} 27. Kf2 {[%emt 0:00:13]} Ke7 {[%emt 0:00:01]} 28. Rc3 {
[%emt 0:00:01]} Rb5 {[%emt 0:00:01]} 29. Rc4 {[%emt 0:00:18]} f5 {[%emt 0:00:
04]} 30. b4 {[%emt 0:00:07]} a5 {[%emt 0:00:03]} 31. a3 {[%emt 0:00:01]} axb4 {
[%emt 0:00:05]} 32. axb4 Rcb8 {[%emt 0:00:00]} 33. c6 {[%emt 0:00:04]} Rc8 {
[%emt 0:00:01]} 34. Rd1 {[%emt 0:00:04]} Rc7 {[%emt 0:00:00]} 35. Rb1 {[%emt 0:
00:20]} Kd6 {[%emt 0:00:01]} 36. Rd1+ {[%emt 0:00:07]} Ke7 {[%emt 0:00:01]} 37.
Kf3 {[%emt 0:00:03]} g5 {[%emt 0:00:01]} 38. g4 {[%emt 0:00:02]} Rb6 {[%emt 0:
00:02]} 39. Rdc1 Kd6 40. gxf5 {[%emt 0:00:04]} exf5 {[%emt 0:00:01]} 41. Rd1+ {
[%emt 0:00:00]} Ke6 {[%emt 0:00:02]} 42. Rdc1 {[%emt 0:00:02]} Kd6 {[%emt 0:00:
01]} 43. Rd1+ Ke6 {[%emt 0:00:00]} 44. Rdc1 {[%emt 0:00:06]} Kd6 {[%emt 0:00:
01] Ke4 Ke5+} 1/2-1/2

[Event "GER-ch Blitz 2019"]
[Site "Magdeburg"]
[Date "2019.05.25"]
[Round "21.13"]
[White "Ehmann, Thilo"]
[Black "Schulze, Marc"]
[Result "0-1"]
[WhiteElo "2291"]
[BlackElo "2220"]
[Annotator "NA"]
[PlyCount "94"]
[EventDate "2019.05.25"]
[EventType "tourn"]
[EventCountry "GER"]
[Tiebreak "Number of wins+Number of black wins"]
[SourceTitle "playchess.com"]
[Source "ChessBase"]
[SourceQuality "1"]
[TimeControl "180+2"]

1. e4 {[%emt 0:00:00]} c5 {[%emt 0:00:00]} 2. Nf3 {[%emt 0:00:00]} g6 {[%emt 0:
00:00]} 3. d4 {[%emt 0:00:00]} cxd4 {[%emt 0:00:00]} 4. Nxd4 {[%emt 0:00:01]}
Bg7 {[%emt 0:00:01]} 5. Nc3 {[%emt 0:00:10]} Nc6 {[%emt 0:00:01]} 6. Be3 {
[%emt 0:00:01]} Nf6 {[%emt 0:00:01]} 7. Nxc6 {[%emt 0:00:29]} bxc6 {[%emt 0:00:
01]} 8. e5 {[%emt 0:00:01]} Nd5 {[%emt 0:00:09]} 9. Nxd5 {[%emt 0:00:07]} cxd5
{[%emt 0:00:01]} 10. Qxd5 {[%emt 0:00:33]} Rb8 {[%emt 0:00:01]} 11. Bc4 {
[%emt 0:00:12]} O-O {[%emt 0:00:02]} 12. O-O {[%emt 0:00:04]} Qc7 {[%emt 0:00:
04]} 13. Bb3 {[%emt 0:00:30]} Bxe5 {[%emt 0:00:06]} 14. Bxa7 {[%emt 0:00:20]}
Bxh2+ {[%emt 0:00:20]} 15. Kh1 {[%emt 0:00:00]} Qxa7 {[%emt 0:00:17]} 16. Kxh2
{[%emt 0:00:01]} Qc7+ {[%emt 0:00:01]} 17. Kg1 {[%emt 0:00:01]} d6 {[%emt 0:00:
04]} 18. Qd2 {[%emt 0:00:15]} Rb5 {[%emt 0:00:08]} 19. Rfe1 {[%emt 0:00:12]}
Bb7 {[%emt 0:00:20]} 20. Qe3 {[%emt 0:00:11]} e6 {[%emt 0:00:15]} 21. Rad1 {
[%emt 0:00:09]} Qc6 {[%emt 0:00:09]} 22. f3 {[%emt 0:00:01]} Rh5 {[%emt 0:00:
10]} 23. Qd4 {[%emt 0:00:06]} d5 {[%emt 0:00:12]} 24. Re5 {[%emt 0:00:01]} Rh6
{[%emt 0:00:22]} 25. Rde1 {[%emt 0:00:01]} Qd6 {[%emt 0:00:13]} 26. R5e3 {
[%emt 0:00:10]} Qh2+ {[%emt 0:00:01]} 27. Kf2 {[%emt 0:00:00]} Rh5 {[%emt 0:00:
18]} 28. Qg4 {[%emt 0:00:03]} d4 {[%emt 0:00:08]} 29. R3e2 {[%emt 0:00:04]} h6
{[%emt 0:00:07]} 30. Qg3 {[%emt 0:00:01]} Qxg3+ {[%emt 0:00:07]} 31. Kxg3 {
[%emt 0:00:00]} Rd8 {[%emt 0:00:03]} 32. f4 {[%emt 0:00:03]} d3 {[%emt 0:00:03]
} 33. cxd3 {[%emt 0:00:02]} Rxd3+ {[%emt 0:00:01]} 34. Re3 {[%emt 0:00:01]} Rd2
{[%emt 0:00:02]} 35. R1e2 {[%emt 0:00:01]} Rd8 {[%emt 0:00:04]} 36. Kf2 {
[%emt 0:00:02]} Rh2 {[%emt 0:00:02]} 37. Rg3 {[%emt 0:00:01]} Rh4 {[%emt 0:00:
02]} 38. Ke3 {[%emt 0:00:01]} Kg7 {[%emt 0:00:06]} 39. Rf2 {[%emt 0:00:01]} e5
{[%emt 0:00:02]} 40. Rh3 {[%emt 0:00:05]} exf4+ {[%emt 0:00:04]} 41. Ke2 {
[%emt 0:00:00]} f3+ {[%emt 0:00:02]} 42. Ke3 {[%emt 0:00:02]} fxg2 {[%emt 0:00:
02]} 43. Rxf7+ {[%emt 0:00:02]} Kh8 {[%emt 0:00:01]} 44. Rxh4 {[%emt 0:00:01]}
g1=Q+ {[%emt 0:00:01]} 45. Ke2 {[%emt 0:00:05]} Qg2+ {[%emt 0:00:04]} 46. Rf2 {
[%emt 0:00:02]} Re8+ {[%emt 0:00:02]} 47. Kd3 {[%emt 0:00:04]} Qxf2 {Kd4} 0-1

[Event "GER-ch Blitz 2019"]
[Site "Magdeburg"]
[Date "2019.05.25"]
[Round "21.14"]
[White "Svane, Frederik"]
[Black "Kopylov, Michael"]
[Result "1-0"]
[WhiteElo "2342"]
[BlackElo "2413"]
[Annotator "NA"]
[PlyCount "129"]
[EventDate "2019.05.25"]
[EventType "tourn"]
[EventCountry "GER"]
[Tiebreak "Number of wins+Number of black wins"]
[SourceTitle "playchess.com"]
[Source "ChessBase"]
[SourceQuality "1"]
[TimeControl "180+2"]

1. e4 {[%emt 0:00:00]} d5 {[%emt 0:00:00]} 2. exd5 {[%emt 0:00:02]} Qxd5 {
[%emt 0:00:00]} 3. Nc3 Qd6 4. g3 {[%emt 0:00:08]} Nf6 {[%emt 0:00:01]} 5. Bg2 {
[%emt 0:00:01]} Bg4 {[%emt 0:00:01]} 6. Nge2 {[%emt 0:00:06]} Nc6 {[%emt 0:00:
00]} 7. O-O {[%emt 0:00:03]} O-O-O {[%emt 0:00:02]} 8. h3 {[%emt 0:00:03]} Bh5
{[%emt 0:00:01]} 9. d3 {[%emt 0:00:26]} e5 {[%emt 0:00:03]} 10. Bg5 {[%emt 0:
00:18]} Be7 {[%emt 0:00:04]} 11. Qd2 {[%emt 0:00:27]} Rhe8 {[%emt 0:00:06]} 12.
Bxf6 {[%emt 0:00:07]} Qxf6 {[%emt 0:00:14]} 13. Nd5 {[%emt 0:00:06]} Qe6 {
[%emt 0:00:10]} 14. Nxe7+ {[%emt 0:00:13]} Rxe7 {[%emt 0:00:07]} 15. Nc3 {
[%emt 0:00:07]} Nd4 {[%emt 0:00:02]} 16. f4 {[%emt 0:01:05]} exf4 {[%emt 0:00:
12]} 17. Rae1 {[%emt 0:00:09]} Qb6 {[%emt 0:00:45]} 18. Rxe7 {[%emt 0:00:02]}
Nf5+ {[%emt 0:00:28]} 19. Qf2 {[%emt 0:00:02]} Nxe7 {[%emt 0:00:14]} 20. Qxb6 {
[%emt 0:00:01]} axb6 {[%emt 0:00:01]} 21. Rxf4 {[%emt 0:00:01]} f6 {[%emt 0:00:
02]} 22. g4 {[%emt 0:00:01]} Bf7 {[%emt 0:00:00]} 23. Kf2 {[%emt 0:00:02]} c6 {
[%emt 0:00:01]} 24. a4 {[%emt 0:00:02]} Kc7 {[%emt 0:00:00]} 25. Re4 {[%emt 0:
00:02]} Kd6 {[%emt 0:00:07]} 26. Rd4+ {[%emt 0:00:01]} Kc7 {[%emt 0:00:01]} 27.
Re4 {[%emt 0:00:01]} Ng6 {[%emt 0:00:06]} 28. Kg3 {[%emt 0:00:06]} Ne5 {
[%emt 0:00:19]} 29. h4 {[%emt 0:00:01]} Rd7 {[%emt 0:00:13]} 30. g5 {[%emt 0:
00:02]} Bg6 {[%emt 0:00:04]} 31. Re3 {[%emt 0:00:07]} Rd4 {[%emt 0:00:01]} 32.
gxf6 {[%emt 0:00:03]} gxf6 {[%emt 0:00:00]} 33. Be4 {[%emt 0:00:03]} f5 {
[%emt 0:00:06]} 34. Bxf5 {[%emt 0:00:02]} Bxf5 35. Rxe5 {[%emt 0:00:01]} Rg4+ {
[%emt 0:00:06]} 36. Kf3 {[%emt 0:00:00]} Bd7 {[%emt 0:00:01]} 37. Rh5 {[%emt 0:
00:02]} Rg7 {[%emt 0:00:02]} 38. Rh6 {[%emt 0:00:01]} Rf7+ {[%emt 0:00:01]} 39.
Ke3 {[%emt 0:00:01]} Bf5 {[%emt 0:00:05]} 40. Ne4 {[%emt 0:00:01]} Re7 {
[%emt 0:00:08]} 41. Kf4 {[%emt 0:00:02]} Bg6 {[%emt 0:00:02]} 42. h5 {[%emt 0:
00:04]} Rf7+ {[%emt 0:00:05]} 43. Ke5 {[%emt 0:00:01]} Bxe4 {[%emt 0:00:07]}
44. dxe4 {[%emt 0:00:02]} Kd7 45. Rf6 {[%emt 0:00:01]} Re7+ {[%emt 0:00:07]}
46. Kf5 {[%emt 0:00:01]} Rg7 {[%emt 0:00:05]} 47. h6 {[%emt 0:00:00]} Rg2 {
[%emt 0:00:03]} 48. Rf7+ Kd6 49. Rxh7 {[%emt 0:00:02]} Rxc2 {[%emt 0:00:01]}
50. Rxb7 {[%emt 0:00:02]} Rxb2 {[%emt 0:00:03]} 51. h7 Rh2 52. Kf6 {[%emt 0:00:
03]} Rf2+ {[%emt 0:00:04]} 53. Kg7 {[%emt 0:00:02]} Rg2+ {[%emt 0:00:01]} 54.
Kh8 {[%emt 0:00:02]} c5 {[%emt 0:00:05]} 55. Rxb6+ {[%emt 0:00:02]} Ke5 {
[%emt 0:00:00]} 56. Rc6 {[%emt 0:00:02]} Kd4 {[%emt 0:00:02]} 57. a5 {[%emt 0:
00:01]} c4 {[%emt 0:00:03]} 58. a6 {[%emt 0:00:01]} c3 {[%emt 0:00:02]} 59. a7
{[%emt 0:00:01]} Ra2 {[%emt 0:00:00]} 60. Rc7 {[%emt 0:00:04]} c2 {[%emt 0:00:
03]} 61. Rxc2 {[%emt 0:00:07]} Rxa7 {[%emt 0:00:01]} 62. Re2 {[%emt 0:00:13]}
Ke5 {[%emt 0:00:01]} 63. Rf2 {[%emt 0:00:02]} Ke6 {[%emt 0:00:03]} 64. Kg8 {
[%emt 0:00:01]} Ra3 {[%emt 0:00:12]} 65. h8=Q 1-0

[Event "GER-ch Blitz 2019"]
[Site "Magdeburg"]
[Date "2019.05.25"]
[Round "21.15"]
[White "Kirchner, Thomas"]
[Black "Heidrich, Manfred"]
[Result "1/2-1/2"]
[WhiteElo "2311"]
[BlackElo "2351"]
[Annotator "NA"]
[PlyCount "29"]
[EventDate "2019.05.25"]
[EventType "tourn"]
[EventCountry "GER"]
[Tiebreak "Number of wins+Number of black wins"]
[SourceTitle "playchess.com"]
[Source "ChessBase"]
[SourceQuality "1"]
[TimeControl "180+2"]

1. e4 {[%emt 0:00:00]} c5 {[%emt 0:00:00]} 2. Nf3 {[%emt 0:00:00]} Nc6 {
[%emt 0:00:00]} 3. Bc4 {[%emt 0:00:02]} e6 {[%emt 0:00:01]} 4. O-O {[%emt 0:00:
03]} d5 {[%emt 0:00:02]} 5. exd5 exd5 6. Bb5 {[%emt 0:00:02]} Be7 {[%emt 0:00:
03]} 7. d4 {[%emt 0:00:01]} Nf6 {[%emt 0:00:03]} 8. h3 {[%emt 0:00:02]} O-O {
[%emt 0:00:01]} 9. c3 {[%emt 0:00:01]} a6 {[%emt 0:00:02]} 10. Ba4 {[%emt 0:00:
02]} Bf5 {[%emt 0:00:04]} 11. Re1 {[%emt 0:00:01]} Re8 {[%emt 0:00:04]} 12. Bf4
{[%emt 0:00:03]} Ne4 {[%emt 0:00:14]} 13. Nbd2 {[%emt 0:00:06]} Bf8 {[%emt 0:
00:13]} 14. Nxe4 {[%emt 0:00:20]} dxe4 {[%emt 0:00:06]} 15. Ne5 1/2-1/2

[Event "GER-ch Blitz 2019"]
[Site "Magdeburg"]
[Date "2019.05.25"]
[Round "22.1"]
[White "Schneider, Ilja"]
[Black "Gustafsson, Jan"]
[Result "0-1"]
[WhiteElo "2494"]
[BlackElo "2639"]
[Annotator "TA"]
[PlyCount "26"]
[EventDate "2019.05.25"]
[EventType "tourn"]
[EventCountry "GER"]
[Tiebreak "Number of wins+Number of black wins"]
[SourceTitle "playchess.com"]
[Source "ChessBase"]
[SourceQuality "1"]

{[%evp 9,12,3,0,23,64]} 1. e4 c6 2. Nf3 d5 3. Nc3 a6 (3... Bg4 4. h3 Bxf3 5.
Qxf3 e6 6. g3 Nf6 7. a3 Bc5 8. d3 O-O 9. Bg2 Nbd7 10. O-O b5 11. Qd1 Qb6 12.
Qe2 a5 13. Kh1 d4 14. Nb1 e5 {0-1 (47) Vallejo Pons,F (2693)-Anand,V (2774)
Karlsruhe/Baden Baden 2019}) 4. d4 Bg4 5. exd5 cxd5 6. h3 {B11: Caro-Kann: Two
Knights Variation} Bh5 {[%mdl 32768] Loss on time!?} {Predecessor:} 7. g4 $146
Bg6 8. Ne5 Nc6 9. h4 Nxe5 10. dxe5 d4 11. h5 Bxh5 12. gxh5 dxc3 13. Qxd8+ Kxd8
{1/2-1/2 (34) Lu,S (2640)-Zhou,J (2616) China 2018} 0-1

[Event "GER-ch Blitz 2019"]
[Site "Magdeburg"]
[Date "2019.05.25"]
[Round "22.2"]
[White "Carow, Johannes"]
[Black "Krause, Benedict"]
[Result "1/2-1/2"]
[WhiteElo "2445"]
[BlackElo "2434"]
[Annotator "NA"]
[PlyCount "81"]
[EventDate "2019.05.25"]
[EventType "tourn"]
[EventCountry "GER"]
[Tiebreak "Number of wins+Number of black wins"]
[SourceTitle "playchess.com"]
[Source "ChessBase"]
[SourceQuality "1"]
[TimeControl "180+2"]

1. d4 {[%emt 0:00:00]} Nf6 {[%emt 0:00:00]} 2. c4 {[%emt 0:00:01]} g6 {[%emt 0:
00:00]} 3. Nc3 {[%emt 0:00:02]} d5 {[%emt 0:00:00]} 4. Nf3 {[%emt 0:00:01]} Bg7
{[%emt 0:00:01]} 5. e3 {[%emt 0:00:02]} O-O {[%emt 0:00:03]} 6. Qb3 {[%emt 0:
00:02]} e6 {[%emt 0:00:06]} 7. Bd2 c6 {[%emt 0:00:14]} 8. Bd3 {[%emt 0:00:13]}
b6 {[%emt 0:00:33]} 9. O-O {[%emt 0:00:03]} Bb7 {[%emt 0:00:02]} 10. a4 {
[%emt 0:00:11]} Nbd7 {[%emt 0:00:03]} 11. cxd5 {[%emt 0:00:07]} exd5 {[%emt 0:
00:15]} 12. a5 {[%emt 0:00:13]} c5 {[%emt 0:00:02]} 13. Bb5 {[%emt 0:00:02]}
cxd4 {[%emt 0:00:36]} 14. exd4 {[%emt 0:00:23]} bxa5 {[%emt 0:00:07]} 15. Ne2 {
[%emt 0:00:13]} Nb6 {[%emt 0:00:03]} 16. Bxa5 {[%emt 0:00:07]} Ne4 {[%emt 0:00:
04]} 17. Ne5 {[%emt 0:00:09]} Qf6 {[%emt 0:00:39]} 18. f3 {[%emt 0:00:28]} Nd6
{[%emt 0:00:01]} 19. Bxb6 {[%emt 0:00:03]} axb6 {[%emt 0:00:02]} 20. Nd7 {
[%emt 0:00:04]} Qe7 {[%emt 0:00:20]} 21. Nxf8 {[%emt 0:00:03]} Nxb5 {[%emt 0:
00:10]} 22. Qxb5 {[%emt 0:00:25]} Qe3+ {[%emt 0:00:01]} 23. Kh1 {[%emt 0:00:04]
} Rxf8 {[%emt 0:00:10]} 24. Qxb6 {[%emt 0:00:32]} Qxe2 {[%emt 0:00:10]} 25.
Qxb7 {[%emt 0:00:03]} Bxd4 {[%emt 0:00:01]} 26. Rab1 {[%emt 0:00:11]} Rd8 {
[%emt 0:00:03]} 27. Rfd1 {[%emt 0:00:03]} Qc2 {[%emt 0:00:05]} 28. Qe7 {
[%emt 0:00:05]} Rc8 {[%emt 0:00:01]} 29. Qd7 {[%emt 0:00:03]} Bxb2 {[%emt 0:00:
03]} 30. Qxd5 {[%emt 0:00:03]} Bf6 {[%emt 0:00:01]} 31. h3 {[%emt 0:00:01]} h5
{[%emt 0:00:01]} 32. Rb7 {[%emt 0:00:02]} Rc7 {[%emt 0:00:01]} 33. Rb8+ {
[%emt 0:00:02]} Kg7 {[%emt 0:00:01]} 34. Rbb1 {[%emt 0:00:03]} Rc5 {[%emt 0:00:
01]} 35. Qd7 {[%emt 0:00:01]} Rc7 {[%emt 0:00:00]} 36. Qb5 {[%emt 0:00:01]} h4
{[%emt 0:00:01]} 37. Qd3 {[%emt 0:00:02]} Qf2 {[%emt 0:00:02]} 38. Rf1 {
[%emt 0:00:01]} Qg3 {[%emt 0:00:00]} 39. Rbe1 {[%emt 0:00:05]} Be5 {[%emt 0:00:
02]} 40. Rxe5 {[%emt 0:00:02]} Qxe5 {[%emt 0:00:01]} 41. Qb3 {[%emt 0:00:01]}
1/2-1/2